00290nam a2200109Ia 4500008004000000082001500040100002800055245004100083260003800124300000800162650001000170210210b1980 xxu||||| |||| 00| 0 eng d a794.1 KASD aKASPARYAN (Ghenrikh M). aDomination in 2,545 endgame studies. aMoscowbProgress Publishersc1980 a545 aChess